000 00395nam a2200145Ia 4500
008 240624s9999 xx 000 0 und d
041 _aeng
082 _a657 NAR
100 _aNARAYANASWAMY R
245 _aFINANCIAL ACCOUNTING A MANAGERIAL PERSPE
250 _a(5th ed.)
260 _c2014
_aNew Delhi
_bPHI Learning Private Limited
300 _axii, : 650 : p. : cm. ; 27
365 _cRS
_b32
999 _c22994
_d22994